[Event "28. Erfurter Schachfestival 2018 - Meist"]
[Site "Erfurt"]
[Date "2018.12.28"]
[Round "5.15"]
[White "Feldmann, Johannes"]
[Black "Rollot, Florence"]
[Result "1/2-1/2"]
[WhiteElo "2212"]
[BlackElo "1958"]
[PlyCount "66"]
[EventDate "2018.12.26"]

1. c4 Nf6 2. Nc3 c5 3. Nf3 g6 4. d4 cxd4 5. Nxd4 Bg7 6. e4 d6 7. Be2 O-O 8. O-O
a6 9. Be3 Nbd7 10. Qd2 Nc5 11. f3 Qb6 12. Rab1 Qc7 13. Rfc1 e6 14. Kh1 Rd8 15.
Qe1 Bd7 16. Qf2 Re8 17. Bf1 Na4 18. Nxa4 Bxa4 19. Ne2 Rac8 20. Nc3 Bd7 21. Bb6
Qb8 22. Ba7 Qc7 23. Bb6 Qb8 24. Rd1 Bc6 25. Ba7 Qc7 26. Bd4 Qb8 27. a4 e5 28.
Be3 Qc7 29. b4 Bd7 30. a5 Be6 31. Na4 Nd7 32. Nb6 Nxb6 33. Bxb6 Qe7 1/2-1/2

[Event "28. Erfurter Schachfestival 2018 - Meist"]
[Site "Erfurt"]
[Date "2018.12.28"]
[Round "5.16"]
[White "Greßmann, Moritz"]
[Black "Kaunzinger, Albert"]
[Result "1/2-1/2"]
[WhiteElo "2124"]
[BlackElo "2206"]
[PlyCount "65"]
[EventDate "2018.12.26"]

1. e4 Nc6 2. d4 d5 3. e5 Bf5 4. Nf3 e6 5. Bd3 Nge7 6. c3 h6 7. b3 Bxd3 8. Qxd3
Nf5 9. Nbd2 Be7 10. g4 Nh4 11. Nxh4 Bxh4 12. Nf3 a6 13. Nxh4 Qxh4 14. Qg3 Qe7
15. a4 f6 16. Ba3 Qf7 17. exf6 gxf6 18. O-O-O O-O-O 19. f4 Rhg8 20. Rhe1 Rde8
21. h3 h5 22. g5 fxg5 23. fxg5 h4 24. Qxh4 Qf3 25. Kc2 Qf5+ 26. Kb2 Rxg5 27.
Rd2 Reg8 28. Qh6 Nd8 29. Be7 R5g6 30. Qe3 Nc6 31. Ba3 Kb8 32. Rf2 Rg2 33. Ree2
1/2-1/2

[Event "28. Erfurter Schachfestival 2018 - Meist"]
[Site "Erfurt"]
[Date "2018.12.28"]
[Round "5.17"]
[White "Kucera, Tomas"]
[Black "Gramb, Marius"]
[Result "1-0"]
[WhiteElo "1956"]
[BlackElo "2188"]
[PlyCount "141"]
[EventDate "2018.12.26"]

1. e4 c5 2. Nf3 d6 3. d4 cxd4 4. Nxd4 Nf6 5. Nc3 a6 6. g3 g6 7. Bg2 Bg7 8. O-O
O-O 9. h3 Nc6 10. Nde2 Bd7 11. Nd5 Nxd5 12. exd5 Na5 13. Re1 Re8 14. c3 Qc7 15.
Nd4 e5 16. dxe6 fxe6 17. Bg5 Kh8 18. Re2 Nc6 19. Nxc6 Bxc6 20. Bxc6 bxc6 21.
Qd2 e5 22. c4 Re6 23. Rd1 a5 24. b3 Qb6 25. Kg2 Rae8 26. Re4 Bf6 27. Be3 Qc7
28. h4 Rd8 29. Bg5 d5 30. cxd5 Rxd5 31. Qe2 Bxg5 32. hxg5 Qd6 33. Rxd5 cxd5 34.
Ra4 Qd8 35. Qd2 Ra6 36. Qe2 Qd6 37. Qb5 d4 38. Rc4 Ra8 39. Rc6 Qe7 40. Rc5 Re8
41. Rd5 Qe6 42. Qd7 Qxd7 43. Rxd7 a4 44. b4 a3 45. b5 Rb8 46. Rd5 e4 47. Rxd4
Rxb5 48. Ra4 e3 49. Rxa3 exf2 50. Kxf2 Rxg5 51. Ra7 Rb5 52. Kf3 Rb1 53. a4 Ra1
54. Kf4 h6 55. Ke5 Rg1 56. Kf4 Kg8 57. a5 h5 58. a6 g5+ 59. Kxg5 Rxg3+ 60. Kxh5
Kf8 61. Rb7 Ra3 62. a7 Ra5+ 63. Kg6 Ra6+ 64. Kf5 Ra5+ 65. Ke6 Ra6+ 66. Kd5 Ke8
67. Rb8+ Kd7 68. a8=Q Rd6+ 69. Kc5 Ke7 70. Re8+ Kd7 71. Qc8# 1-0

[Event "28. Erfurter Schachfestival 2018 - Meist"]
[Site "Erfurt"]
[Date "2018.12.28"]
[Round "5.18"]
[White "Wiley, Tom E"]
[Black "Pedersen, Lars Wilton"]
[Result "1-0"]
[WhiteElo "2186"]
[BlackElo "2024"]
[PlyCount "97"]
[EventDate "2018.12.26"]

1. d4 d5 2. c4 e6 3. Nc3 Nf6 4. cxd5 exd5 5. Bg5 Nbd7 6. e3 c6 7. Bd3 Be7 8.
Nf3 O-O 9. O-O Re8 10. Qc2 Nf8 11. h3 g6 12. Rab1 a5 13. a3 Nh5 14. Bxe7 Qxe7
15. b4 Ng7 16. Na4 axb4 17. axb4 Bf5 18. Bxf5 Nxf5 19. b5 Qe4 20. Qb3 Nd7 21.
Rbc1 Rac8 22. bxc6 bxc6 23. Nc5 Nxc5 24. Rxc5 Nh4 25. Nxh4 Qxh4 26. Rfc1 Qf6
27. Qb7 Red8 28. Rxc6 Rxc6 29. Rxc6 Qf5 30. Qe7 Qb1+ 31. Kh2 Qb8+ 32. Rc7 Rf8
33. g4 Kh8 34. Kg2 Kg8 35. Rd7 h6 36. Qd6 Qb1 37. Qxd5 Qd1 38. Qf3 Qa4 39. Rb7
Qc4 40. Rd7 Qe6 41. Qd5 Qf6 42. Qd6 Qg5 43. Qe7 Qb5 44. e4 Qe2 45. Rd8 Rxd8 46.
Qxd8+ Kg7 47. Qe7 h5 48. g5 Qd3 49. d5 1-0

[Event "28. Erfurter Schachfestival 2018 - Meist"]
[Site "Erfurt"]
[Date "2018.12.28"]
[Round "5.19"]
[White "Schulte, Felix"]
[Black "Nguyen, Huy Dat"]
[Result "1/2-1/2"]
[WhiteElo "2087"]
[BlackElo "2178"]
[PlyCount "25"]
[EventDate "2018.12.26"]

1. e4 c5 2. Nf3 e6 3. d4 cxd4 4. Nxd4 a6 5. Nc3 b5 6. Bd3 Bb7 7. O-O Qc7 8. Qe2
d6 9. Kh1 Nf6 10. f4 Nbd7 11. a3 Be7 12. Bd2 O-O 13. Rae1 1/2-1/2

[Event "28. Erfurter Schachfestival 2018 - Meist"]
[Site "Erfurt"]
[Date "2018.12.28"]
[Round "5.20"]
[White "Schmid, Franz"]
[Black "Scheffner, Jarno"]
[Result "1-0"]
[WhiteElo "2176"]
[BlackElo "1877"]
[PlyCount "45"]
[EventDate "2018.12.26"]

1. e4 c5 2. Nf3 d6 3. Bb5+ Bd7 4. Bxd7+ Qxd7 5. O-O g6 6. c4 Bg7 7. d4 cxd4 8.
Nxd4 Nc6 9. Be3 Nf6 10. f3 O-O 11. Nc3 Rfc8 12. b3 e6 13. Rc1 d5 14. exd5 exd5
15. c5 Qe7 16. Qd2 Qxc5 17. Ne6 Qd6 18. Nxg7 Kxg7 19. Bh6+ Kg8 20. Bf4 Qc5+ 21.
Kh1 Qd4 22. Qxd4 Nxd4 23. Be5 1-0

[Event "28. Erfurter Schachfestival 2018 - Amat"]
[Site "Erfurt"]
[Date "2018.12.29"]
[Round "6.2"]
[White "Rößler, Karl-Georg"]
[Black "Naumann, Thomas"]
[Result "1/2-1/2"]
[WhiteElo "1516"]
[BlackElo "1688"]
[PlyCount "58"]
[EventDate "2018.12.27"]
[SourceDate "2015.12.14"]

1. e4 d6 2. d4 Nf6 3. Nc3 g6 4. Be3 Bg7 5. f3 O-O 6. Bc4 c6 7. Bb3 b5 8. Qd2 a6
9. O-O-O Qc7 10. h4 e5 11. dxe5 dxe5 12. h5 Nxh5 13. g4 Nf4 14. Qh2 h6 15. Nge2
g5 16. Nxf4 gxf4 17. Bc5 Rd8 18. g5 Rxd1+ 19. Nxd1 Be6 20. gxh6 Bf6 21. h7+ Kh8
22. Qh6 Bg7 23. Qg5 f6 24. Qg6 Nd7 25. Bxe6 Nxc5 26. Bf7 Rf8 27. Bg8 Nb7 28.
Nf2 Qe7 29. Nd3 Qd7 1/2-1/2

[Event "28. Erfurter Schachfestival 2018 - Haupt"]
[Site "Erfurt"]
[Date "2018.12.29"]
[Round "7.1"]
[White "Siebarth, Marco"]
[Black "Minor, Viatcheslav"]
[Result "1/2-1/2"]
[WhiteElo "2008"]
[BlackElo "2022"]
[PlyCount "70"]
[EventDate "2018.12.26"]

1. e4 e6 2. d4 d5 3. Nd2 c5 4. Ngf3 cxd4 5. exd5 Qxd5 6. Bc4 Qd6 7. O-O Nf6 8.
Nb3 Nc6 9. Nbxd4 Nxd4 10. Qxd4 Qxd4 11. Nxd4 a6 12. a4 Bc5 13. Nb3 Ba7 14. Be2
O-O 15. Bf3 e5 16. Re1 Re8 17. Be3 e4 18. Bxa7 Rxa7 19. Rad1 Bf5 20. Nd4 Bg6
21. Be2 Raa8 22. c3 Re7 23. Nc2 Rae8 24. Ne3 Kf8 25. Rd4 Rd7 26. Red1 Red8 27.
Rxd7 Rxd7 28. Rxd7 Nxd7 29. b4 Ne5 30. a5 Ke7 31. Nc4 Nc6 32. g4 f6 33. Ne3 Kd6
34. Kg2 Ne7 35. Kg3 Be8 1/2-1/2

[Event "28. Erfurter Schachfestival 2018 - Haupt"]
[Site "Erfurt"]
[Date "2018.12.29"]
[Round "7.2"]
[White "Schönherr, Konrad"]
[Black "Boerma, Daniel"]
[Result "0-1"]
[WhiteElo "1871"]
[BlackElo "1856"]
[PlyCount "62"]
[EventDate "2018.12.26"]

1. d4 d5 2. Nc3 Nf6 3. Bg5 Nbd7 4. e3 h6 5. Bf4 e6 6. Nf3 Be7 7. Bg3 a6 8. Ne5
c5 9. Qf3 Qb6 10. O-O-O cxd4 11. Rxd4 Nc5 12. Bd3 Bd7 13. a3 Nxd3+ 14. Rxd3 Bb5
15. Nxb5 axb5 16. Rb3 Qa5 17. Rd1 b4 18. Rdd3 bxa3 19. bxa3 O-O 20. Rxb7 Bxa3+
21. Kd1 Bb4 22. Qf4 Qa1+ 23. Ke2 Qe1+ 24. Kf3 Bd6 25. Qd4 Ne4 26. Rd1 Ng5+ 27.
Kg4 Qe2+ 28. Kh4 Bxe5 29. Bxe5 Qxf2+ 30. Bg3 Qxg2 31. Kg4 Qh3+ 0-1

[Event "28. Erfurter Schachfestival 2018 - Haupt"]
[Site "Erfurt"]
[Date "2018.12.29"]
[Round "7.3"]
[White "Franke, Luca"]
[Black "Goeke, Bernd"]
[Result "1/2-1/2"]
[WhiteElo "1625"]
[BlackElo "2021"]
[PlyCount "25"]
[EventDate "2018.12.26"]

1. e4 c5 2. Nf3 e6 3. d4 cxd4 4. Nxd4 Nf6 5. Bd3 Nc6 6. Nb3 d5 7. exd5 Nxd5 8.
O-O Be7 9. Be4 Nf6 10. Bxc6+ bxc6 11. Qxd8+ Bxd8 12. Be3 Bb6 13. Bc5 1/2-1/2

[Event "28. Erfurter Schachfestival 2018 - Haupt"]
[Site "Erfurt"]
[Date "2018.12.29"]
[Round "7.4"]
[White "Held, Martin"]
[Black "Prüsse, Horst"]
[Result "0-1"]
[WhiteElo "1851"]
[BlackElo "2028"]
[PlyCount "68"]
[EventDate "2018.12.26"]

1. e4 c5 2. Nf3 e6 3. d4 cxd4 4. Nxd4 a6 5. Nc3 Qc7 6. Bd3 Nc6 7. Nxc6 dxc6 8.
O-O e5 9. f4 Nf6 10. h3 Nd7 11. Kh1 b5 12. fxe5 Nxe5 13. Bf4 Bd6 14. Qh5 Be6
15. a3 O-O 16. Ne2 c5 17. Nc3 Nxd3 18. Bxd6 Qxd6 19. cxd3 Qxd3 20. Rad1 Qc4 21.
Nd5 Bxd5 22. exd5 Rad8 23. d6 Rxd6 24. Rc1 Qd5 25. Rf5 Qb3 26. Rfxc5 Qxb2 27.
Qg5 Qf6 28. Qg4 Rfd8 29. Rc8 g6 30. R8c3 Rd4 31. Qe2 Rd2 32. Qg4 h5 33. Qe4
Rd1+ 34. Kh2 Qd6+ 0-1

[Event "28. Erfurter Schachfestival 2018 - Haupt"]
[Site "Erfurt"]
[Date "2018.12.29"]
[Round "7.5"]
[White "Bauer, Timon"]
[Black "Schindele, Andreas"]
[Result "0-1"]
[WhiteElo "1829"]
[BlackElo "1940"]
[PlyCount "70"]
[EventDate "2018.12.26"]

1. d4 c5 2. d5 Nf6 3. c4 b5 4. cxb5 a6 5. bxa6 g6 6. Nc3 Bg7 7. e4 d6 8. Nf3
O-O 9. Be2 Nfd7 10. O-O Bxa6 11. Bxa6 Nxa6 12. Be3 Qb6 13. Qe2 Rfb8 14. Rfb1
Rb7 15. Nd2 Rab8 16. Nc4 Qa7 17. Na5 Rxb2 18. Rxb2 Bxc3 19. Rxb8+ Naxb8 20. Nc6
Nxc6 21. dxc6 Bxa1 22. cxd7 Qxd7 23. Qc4 Qb7 24. g4 Qb1+ 25. Kg2 Qd1 26. h3 Bd4
27. Bg5 Qb1 28. Qd5 Qc2 29. Bh4 e6 30. Qa8+ Kg7 31. a4 d5 32. exd5 Qe4+ 33. Kg1
exd5 34. Qd8 c4 35. Be7 Qe1+ 0-1

[Event "28. Erfurter Schachfestival 2018 - Haupt"]
[Site "Erfurt"]
[Date "2018.12.29"]
[Round "7.6"]
[White "Kresse, Mathias"]
[Black "Alvermann, Christian"]
[Result "1/2-1/2"]
[WhiteElo "1939"]
[BlackElo "1836"]
[PlyCount "81"]
[EventDate "2018.12.26"]

1. e4 c5 2. Nc3 Nc6 3. g3 g6 4. Bg2 Bg7 5. d3 e6 6. Be3 b6 7. Qd2 Bb7 8. Nge2
h5 9. h3 Nge7 10. O-O-O Nd4 11. Bxd4 cxd4 12. Nb5 O-O 13. Nbxd4 d5 14. f4 Rc8
15. Kb1 e5 16. fxe5 Bxe5 17. c3 a6 18. h4 Qc7 19. g4 dxe4 20. Bxe4 Bxe4 21.
dxe4 hxg4 22. h5 Qb7 23. Qe3 b5 24. hxg6 fxg6 25. Ka1 b4 26. Qg5 bxc3 27. Nxc3
Rb8 28. b3 Bf6 29. Qxg4 Qb4 30. Nce2 Rb6 31. Kb1 Rd6 32. Nc2 Qc5 33. Rxd6 Qxd6
34. Nf4 Be5 35. Qe6+ Qxe6 36. Nxe6 Rf2 37. Ned4 g5 38. Rg1 Kf7 39. Rxg5 Rf1+
40. Kb2 Nc6 41. Rxe5 1/2-1/2

[Event "28. Erfurter Schachfestival 2018 - Haupt"]
[Site "Erfurt"]
[Date "2018.12.29"]
[Round "7.7"]
[White "Reuter, Hans-Otto"]
[Black "Strätker, Sebastian"]
[Result "1/2-1/2"]
[WhiteElo "1893"]
[BlackElo "1859"]
[PlyCount "28"]
[EventDate "2018.12.26"]

1. Nf3 Nf6 2. g3 g6 3. Bg2 Bg7 4. c4 O-O 5. O-O c5 6. d3 Nc6 7. Nc3 d6 8. h3 a6
9. e4 Rb8 10. a4 e6 11. Be3 h6 12. d4 b6 13. e5 dxe5 14. dxc5 e4 1/2-1/2

[Event "28. Erfurter Schachfestival 2018 - Haupt"]
[Site "Erfurt"]
[Date "2018.12.29"]
[Round "7.8"]
[White "Limbrunner, Steven"]
[Black "Werner, Sebastian"]
[Result "1-0"]
[WhiteElo "1814"]
[BlackElo "1891"]
[Annotator "bernd"]
[PlyCount "39"]
[EventDate "2018.12.26"]

1. c4 e5 2. Nc3 Nf6 3. g3 d5 4. cxd5 Nxd5 5. Bg2 Nb6 6. Nf3 Nc6 7. O-O Be7 8.
a3 Be6 9. b4 O-O 10. d3 h6 11. Qc2 Nd5 12. Bb2 g5 13. b5 Na5 14. Rac1 Rc8 15.
Nxd5 Bxd5 16. d4 e4 17. Nd2 f5 18. Qa4 b6 19. Bc3 Nb7 20. Nc4 {unklar} 1-0

[Event "28. Erfurter Schachfestival 2018 - Haupt"]
[Site "Erfurt"]
[Date "2018.12.29"]
[Round "7.9"]
[White "Storkebaum, Ulrike"]
[Black "Reichelt, Ole"]
[Result "1-0"]
[WhiteElo "1768"]
[BlackElo "1860"]
[PlyCount "113"]
[EventDate "2018.12.26"]

1. e4 c5 2. Nf3 Nc6 3. d4 cxd4 4. Nxd4 Nf6 5. Nc3 e5 6. Nb3 Bb4 7. Bg5 Bxc3+ 8.
bxc3 d6 9. Be2 h6 10. Bxf6 Qxf6 11. O-O O-O 12. Qd2 Qg6 13. Qe3 Be6 14. Bd3
Rac8 15. c4 b6 16. c3 Ne7 17. Nd2 f5 18. Qe2 Qf7 19. f4 Ng6 20. exf5 Bxf5 21.
fxe5 Bxd3 22. Qxd3 Nf4 23. Qe3 dxe5 24. Rae1 Qd7 25. Rf3 Rfd8 26. Nf1 Kh8 27.
Ng3 Rxc4 28. Ne4 Qd5 29. Nf2 Rc5 30. g3 Ng6 31. Ng4 Qd2 32. h4 Qxe3+ 33. Rfxe3
Rc4 34. Nf2 Rd2 35. h5 Ne7 36. Rxe5 Nc6 37. Re8+ Kh7 38. Ne4 Rxa2 39. Rd1 Rxe4
40. Rxe4 Ra5 41. Re6 Ne5 42. Rd8 Nf7 43. Rd7 Re5 44. Rc6 Rf5 45. Rcc7 Kg8 46.
Rxa7 Rf6 47. Kg2 Rf5 48. g4 Rf6 49. Ra8+ Kh7 50. Re7 g6 51. hxg6+ Kxg6 52. Rg8+
Kh7 53. Rb8 Kg7 54. Reb7 Rc6 55. Re8 Kg6 56. Rg8+ Kh7 57. Rf8 1-0

[Event "28. Erfurter Schachfestival 2018 - Haupt"]
[Site "Erfurt"]
[Date "2018.12.29"]
[Round "7.10"]
[White "Link, Robert"]
[Black "Fleischmann, Yannic"]
[Result "0-1"]
[WhiteElo "1979"]
[BlackElo "1785"]
[PlyCount "78"]
[EventDate "2018.12.26"]

1. d4 Nf6 2. c4 e6 3. Nf3 Bb4+ 4. Nbd2 O-O 5. e3 Be7 6. e4 d5 7. e5 Nfd7 8. Bd3
c5 9. O-O Nc6 10. Re1 Qc7 11. Qc2 h6 12. cxd5 exd5 13. b3 cxd4 14. Bb2 Nc5 15.
Bh7+ Kh8 16. b4 Ne6 17. Bf5 Qb6 18. Nb3 d3 19. Bxd3 Nf4 20. Bf1 Bg4 21. Nfd4
Rac8 22. Qb1 Ne6 23. Qd3 Ncxd4 24. Nxd4 Bc5 25. bxc5 Qxb2 26. Nxe6 fxe6 27. Qe3
d4 28. Qg3 Bf5 29. Rec1 Rcd8 30. Bc4 d3 31. Rd1 Rd4 32. Rab1 Qc3 33. Bb5 Qxc5
34. Rb2 a6 35. Bxa6 bxa6 36. Rb7 Rg4 37. Qf3 Qxe5 38. h3 Rd4 39. g4 Qe2 0-1

[Event "28. Erfurter Schachfestival 2018 - Meis"]
[Site "Erfurt"]
[Date "2018.12.29"]
[Round "7.1"]
[White "Nagy, Gabor"]
[Black "Möhn, Hans"]
[Result "1/2-1/2"]
[WhiteElo "2472"]
[BlackElo "2364"]
[PlyCount "30"]
[EventDate "2018.12.26"]
[SourceDate "2015.12.14"]

1. d4 Nf6 2. c4 g6 3. g3 Bg7 4. Bg2 O-O 5. Nc3 d6 6. Nf3 Nc6 7. O-O e5 8. dxe5
Nxe5 9. Nxe5 dxe5 10. Qxd8 Rxd8 11. Bg5 Rd7 12. Nd5 Nxd5 13. cxd5 h6 14. Bc1 b6
15. e4 Ba6 1/2-1/2

[Event "28. Erfurter Schachfestival 2018 - Meis"]
[Site "Erfurt"]
[Date "2018.12.29"]
[Round "7.2"]
[White "Abel, Dennes"]
[Black "Muckle, Julius"]
[Result "1/2-1/2"]
[WhiteElo "2465"]
[BlackElo "2349"]
[PlyCount "82"]
[EventDate "2018.12.26"]
[SourceDate "2015.12.14"]

1. d4 d5 2. c4 c6 3. Nf3 Nf6 4. e3 Bf5 5. Nc3 e6 6. Nh4 Bg4 7. Qb3 Qb6 8. h3
Bh5 9. g4 Bg6 10. Nxg6 hxg6 11. g5 Nfd7 12. Bg2 Rh4 13. Bd2 Na6 14. O-O-O Bb4
15. cxd5 cxd5 16. Kb1 Bxc3 17. Qxc3 Nc7 18. a4 O-O-O 19. Rc1 e5 20. Bxd5 exd4
21. exd4 Nb8 22. Bf3 Nc6 23. Bg4+ Rxg4 24. hxg4 Qxd4 25. Qxd4 Rxd4 26. Rcd1 Ne6
27. b3 Rxg4 28. Rhg1 Re4 29. Be3 Re5 30. Rd6 Rf5 31. Kb2 Nc5 32. Rg4 Ne6 33.
Rd2 Kc7 34. Rc2 a6 35. Rd2 Ne5 36. Re4 b5 37. a5 Nc6 38. Bb6+ Kb7 39. Rd7+ Kc8
40. Rxf7 Rxf7 41. Rxe6 Kd7 1/2-1/2

[Event "28. Erfurter Schachfestival 2018 - Meis"]
[Site "Erfurt"]
[Date "2018.12.29"]
[Round "7.3"]
[White "Lagunow, Raphael"]
[Black "Osmanodja, Filiz"]
[Result "1-0"]
[WhiteElo "2409"]
[BlackElo "2318"]
[PlyCount "113"]
[EventDate "2018.12.26"]
[SourceDate "2015.12.14"]

1. Nf3 d5 2. g3 g6 3. Bg2 Bg7 4. d4 Nf6 5. O-O O-O 6. Nbd2 Nbd7 7. c4 c6 8. b3
dxc4 9. Nxc4 c5 10. Bb2 Rb8 11. Rc1 cxd4 12. Nxd4 Nb6 13. Na5 a6 14. Qe1 Ne8
15. Rd1 Nd6 16. e4 Nd7 17. f4 Qb6 18. Kh1 Nc5 19. e5 Nf5 20. Nxf5 Bxf5 21. Bd4
Qc7 22. Rc1 b6 23. Bxc5 bxc5 24. Nc6 Rb5 25. Nd4 Rbb8 26. Nxf5 gxf5 27. Qe3
Rfc8 28. e6 Bd4 29. exf7+ Kxf7 30. Bd5+ Kg7 31. Qe6 Rf8 32. Rfe1 Rbe8 33. Qxa6
e5 34. fxe5 Rxe5 35. Rxe5 Qxe5 36. Qb7+ Kh8 37. Rf1 Rd8 38. Bg2 Be3 39. Qf7 Bh6
40. Qxf5 Qxf5 41. Rxf5 Rd1+ 42. Rf1 Rxf1+ 43. Bxf1 Kg7 44. Kg2 Bd2 45. Kf3 Kf6
46. Ke4 Bb4 47. a4 Ke6 48. Bc4+ Kd6 49. Kf5 Bc3 50. g4 Ke7 51. g5 Kf8 52. Ke6
Kg7 53. Bd3 Bd2 54. Kd5 Bxg5 55. a5 c4 56. bxc4 Bd8 57. a6 1-0

[Event "28. Erfurter Schachfestival 2018 - Meis"]
[Site "Erfurt"]
[Date "2018.12.29"]
[Round "7.4"]
[White "Wiley, Tom E"]
[Black "Lubbe, Nikolas"]
[Result "1/2-1/2"]
[WhiteElo "2186"]
[BlackElo "2449"]
[PlyCount "88"]
[EventDate "2018.12.26"]
[SourceDate "2015.12.14"]

1. d4 Nf6 2. c4 c5 3. d5 d6 4. Nc3 g6 5. e4 Bg7 6. h3 O-O 7. Nf3 e6 8. Bd3 exd5
9. exd5 Re8+ 10. Kf1 Na6 11. g3 Nc7 12. a4 Na6 13. Kg2 Nb4 14. Bb1 b6 15. Ra3
Qd7 16. Bd2 a6 17. Qc1 Rb8 18. Na2 Nxa2 19. Rxa2 b5 20. axb5 axb5 21. b3 Ne4
22. Be1 b4 23. Re2 Nc3 24. Rxe8+ Qxe8 25. Bd3 Ra8 26. Bd2 Ra3 27. Qc2 Qd7 28.
Bf4 Ra2 29. Qc1 Ne2 30. Bxe2 Rxe2 31. h4 h5 32. Re1 Rxe1 33. Qxe1 Bf8 34. Nd2
Qd8 35. Ne4 Be7 36. Bg5 f6 37. Bd2 Bf5 38. Qe3 Bf8 39. f3 Qe7 40. Qf4 Kf7 41.
Bc1 Qe5 42. Qxe5 fxe5 43. Bg5 Ke8 44. Kf2 Bxe4 1/2-1/2

[Event "28. Erfurter Schachfestival 2018 - Meis"]
[Site "Erfurt"]
[Date "2018.12.29"]
[Round "7.5"]
[White "Carlstedt, Jonathan"]
[Black "Weishäutel, Moritz"]
[Result "1-0"]
[WhiteElo "2412"]
[BlackElo "2243"]
[PlyCount "51"]
[EventDate "2018.12.26"]
[SourceDate "2015.12.14"]

1. c4 Nf6 2. Nf3 e6 3. Nc3 d5 4. e3 b6 5. b3 Bb7 6. Bb2 Nbd7 7. Rc1 a6 8. Be2
Bd6 9. cxd5 exd5 10. O-O O-O 11. Qc2 Rc8 12. Qf5 Qe7 13. Bd3 Qe6 14. Nd4 Qe5
15. f4 Qxf5 16. Nxf5 Bb4 17. a3 Bxc3 18. Ne7+ Kh8 19. Rxc3 Rb8 20. Rxc7 Rfe8
21. Nf5 Rec8 22. Rxc8+ Bxc8 23. b4 Kg8 24. Rc1 Bb7 25. Rc7 a5 26. Nxg7 1-0

[Event "28. Erfurter Schachfestival 2018 - Meis"]
[Site "Erfurt"]
[Date "2018.12.29"]
[Round "7.6"]
[White "Schmid, Franz"]
[Black "Schiffer, Stefan"]
[Result "1/2-1/2"]
[WhiteElo "2176"]
[BlackElo "2264"]
[PlyCount "27"]
[EventDate "2018.12.26"]
[SourceDate "2015.12.14"]

1. e4 c5 2. Nf3 g6 3. d4 cxd4 4. Nxd4 Nc6 5. c4 Nf6 6. Nc3 d6 7. Be2 Nxd4 8.
Qxd4 Bg7 9. Be3 O-O 10. Qd2 a5 11. Rc1 a4 12. O-O Bd7 13. f3 Qa5 14. Rfd1
1/2-1/2

[Event "28. Erfurter Schachfestival 2018 - Meis"]
[Site "Erfurt"]
[Date "2018.12.29"]
[Round "7.7"]
[White "Wiebe, Patrick"]
[Black "Lagunow, Alexander"]
[Result "1/2-1/2"]
[WhiteElo "2236"]
[BlackElo "2392"]
[PlyCount "46"]
[EventDate "2018.12.26"]
[SourceDate "2015.12.14"]

1. c4 e6 2. g3 d5 3. Bg2 Nf6 4. Nf3 dxc4 5. Qa4+ Nbd7 6. Qxc4 c5 7. Qc2 b6 8.
O-O Bb7 9. Nc3 Rc8 10. d3 a6 11. b3 Be7 12. Bb2 b5 13. a3 Qb6 14. e3 O-O 15.
Rfd1 Rfd8 16. Rac1 h6 17. Qe2 Nb8 18. d4 cxd4 19. Nxd4 Bxg2 20. Kxg2 Bc5 21.
Nf3 Nbd7 22. b4 Bd6 23. Nb1 Qb8 1/2-1/2

[Event "28. Erfurter Schachfestival 2018 - Meis"]
[Site "Erfurt"]
[Date "2018.12.29"]
[Round "7.8"]
[White "Feldmann, Johannes"]
[Black "Derichs, Roger"]
[Result "0-1"]
[WhiteElo "2212"]
[BlackElo "2295"]
[PlyCount "94"]
[EventDate "2018.12.26"]
[SourceDate "2015.12.14"]

1. d4 e6 2. c4 f5 3. g3 Nf6 4. Bg2 d5 5. Nf3 Bd6 6. O-O O-O 7. Nc3 c6 8. Rb1
Qe7 9. Qc2 Bd7 10. Bg5 Be8 11. c5 Bc7 12. b4 h6 13. Bf4 Bxf4 14. gxf4 Bh5 15.
Ne5 Nbd7 16. b5 Nxe5 17. fxe5 Ne4 18. Nxe4 fxe4 19. bxc6 bxc6 20. Rb3 Rf5 21.
Rg3 Raf8 22. Qd2 Kh7 23. f3 exf3 24. Bxf3 Qh4 25. Bg2 Rxf1+ 26. Bxf1 Rf4 27. e3
Rf7 28. Bd3+ Kg8 29. Qg2 a5 30. Qh3 Qxh3 31. Rxh3 Bd1 32. Rg3 Rb7 33. Rg2 a4
34. Rd2 Bh5 35. Kf2 a3 36. e4 Rf7+ 37. Ke1 Bf3 38. Rf2 dxe4 39. Bc4 Bg4 40.
Rxf7 Kxf7 41. Kd2 Bf3 42. Bb3 Ke7 43. Ke3 g5 44. Ba4 Kd7 45. h3 Bg2 46. Bc2
Bxh3 47. Bxe4 Bf1 0-1

[Event "28. Erfurter Schachfestival 2018 - Meis"]
[Site "Erfurt"]
[Date "2018.12.29"]
[Round "7.9"]
[White "Hartge, Gedeon"]
[Black "Steinacker, Alex"]
[Result "1/2-1/2"]
[WhiteElo "2198"]
[BlackElo "2278"]
[PlyCount "29"]
[EventDate "2018.12.26"]
[SourceDate "2015.12.14"]

1. d4 g6 2. e4 Bg7 3. c4 d6 4. Nc3 Nf6 5. Nge2 O-O 6. f3 c5 7. d5 e6 8. Ng3
exd5 9. cxd5 Na6 10. Be2 Nc7 11. O-O Rb8 12. a4 a6 13. Bg5 h6 14. Be3 b5 15.
axb5 1/2-1/2

[Event "28. Erfurter Schachfestival 2018 - Meis"]
[Site "Erfurt"]
[Date "2018.12.29"]
[Round "7.10"]
[White "Wichmann, Cliff"]
[Black "Kaunzinger, Albert"]
[Result "1-0"]
[WhiteElo "2266"]
[BlackElo "2206"]
[PlyCount "54"]
[EventDate "2018.12.26"]
[SourceDate "2015.12.14"]

1. d4 d5 2. c4 Nc6 3. Nc3 dxc4 4. Nf3 a6 5. d5 Nb8 6. e4 b5 7. a4 b4 8. Na2 e5
9. Nxe5 Nf6 10. Bxc4 Bd6 11. Nd3 Nxe4 12. O-O O-O 13. Naxb4 Qh4 14. f4 Bf5 15.
Nc2 Nd7 16. Nd4 Qf6 17. Ne5 Nb6 18. Ba2 g6 19. Be3 h5 20. Bb1 Qh4 21. Nxf5 gxf5
22. a5 Bxe5 23. fxe5 Nc4 24. Qd4 Nxe3 25. Qxe3 Qg4 26. Bxe4 Qxe4 27. Qg5+ Kh7
1-0

[Event "28. Erfurter Schachfestival 2018 - Meis"]
[Site "Erfurt"]
[Date "2018.12.29"]
[Round "7.11"]
[White "Greßmann, Moritz"]
[Black "Biebinger, Gerhard"]
[Result "1/2-1/2"]
[WhiteElo "2124"]
[BlackElo "2263"]
[PlyCount "39"]
[EventDate "2018.12.26"]
[SourceDate "2015.12.14"]

1. e4 g6 2. d4 Bg7 3. Nf3 d6 4. Be2 Nf6 5. Nc3 O-O 6. h3 a6 7. a4 Nc6 8. O-O e6
9. Be3 Bd7 10. Qd2 e5 11. d5 Ne7 12. Bh6 Ne8 13. Bxg7 Kxg7 14. Nh2 f6 15. b4
Ng8 16. a5 Nh6 17. b5 axb5 18. Nxb5 Nf7 19. Nc3 Qc8 20. Kh1 1/2-1/2

[Event "28. Erfurter Schachfestival 2018 - Meis"]
[Site "Erfurt"]
[Date "2018.12.29"]
[Round "7.12"]
[White "Engers, Felix"]
[Black "Mooser, Stefan"]
[Result "1-0"]
[WhiteElo "2117"]
[BlackElo "2255"]
[PlyCount "49"]
[EventDate "2018.12.26"]
[SourceDate "2015.12.14"]

1. c4 e6 2. g3 d5 3. Bg2 Nf6 4. Nf3 Be7 5. O-O O-O 6. b3 b6 7. Bb2 Bb7 8. cxd5
Nxd5 9. d4 Nd7 10. Re1 c5 11. e4 N5f6 12. Nc3 cxd4 13. Nxd4 Bb4 14. a3 Bxc3 15.
Bxc3 Nc5 16. f3 Qd7 17. Bf1 a6 18. a4 Rfd8 19. b4 Ncxe4 20. fxe4 Nxe4 21. Bb2
e5 22. Nf3 Qf5 23. Qe2 f6 24. Bg2 Qe6 25. Nd4 1-0